<?xml version="1.0" encoding="UTF-8"?>
<marc:record xmlns:marc="http://www.loc.gov/MARC21/slim">
   <marc:leader>00000nam a2200000 a 4500</marc:leader>
   <marc:datafield ind1="1" ind2=" " tag="100">
      <marc:subfield code="a">Bromfield, Richard</marc:subfield>
      <marc:subfield code="4">aut</marc:subfield>
      <marc:subfield code="e">Verfasser/-in</marc:subfield>
   </marc:datafield>
   <marc:datafield ind1="1" ind2=" " tag="100">
      <marc:subfield code="a">Bromfield, Richard</marc:subfield>
   </marc:datafield>
   <marc:datafield ind1=" " ind2=" " tag="653">
      <marc:subfield code="a">Erziehung</marc:subfield>
   </marc:datafield>
   <marc:datafield ind1=" " ind2=" " tag="653">
      <marc:subfield code="a">Softcover / Ratgeber/Lebenshilfe</marc:subfield>
   </marc:datafield>
   <marc:datafield ind1=" " ind2=" " tag="653">
      <marc:subfield code="a">Alltag/Familie</marc:subfield>
   </marc:datafield>
   <marc:datafield ind1=" " ind2=" " tag="653">
      <marc:subfield code="a">Ratgeber</marc:subfield>
   </marc:datafield>
   <marc:datafield ind1="0" ind2="0" tag="245">
      <marc:subfield code="a">Erste Hilfe für Eltern kleiner Prinzen und Prinzessinnen</marc:subfield>
   </marc:datafield>
   <marc:datafield ind1="0" ind2="0" tag="245">
      <marc:subfield code="b">das Anti-Verwöhnbuch</marc:subfield>
   </marc:datafield>
   <marc:datafield ind1="0" ind2="0" tag="245">
      <marc:subfield code="c">Richard Bromfield. Aus dem Amerikan. von Andreas Nohl</marc:subfield>
   </marc:datafield>
   <marc:datafield ind1=" " ind2="1" tag="264">
      <marc:subfield code="a">Weinheim</marc:subfield>
      <marc:subfield code="b">Beltz</marc:subfield>
      <marc:subfield code="c">2010</marc:subfield>
   </marc:datafield>
   <marc:datafield ind1="1" ind2=" " tag="520">
      <marc:subfield code="a">Angaben aus der Verlagsmeldung

Erste Hilfe für Eltern kleiner Prinzen und Prinzessinnen : Das Anti-Verwöhnbuch How to unspoil your child fast / von Richard Bromfield

Kleine Prinzen und Prinzessinnen können den Familienalltag gnadenlos ihren Launen unterwerfen. Dieses Buch bietet Rettung für Eltern, die schnelle Lösungen brauchen.

Der Psychologe Richard Bromfield hilft Familien, Kindern das Verwöhntsein – und Eltern das Verwöhnen – abzugewöhnen. Für alle Eltern, denen wenig Zeit zum Lesen bleibt, eben weil sie schwierige Kinder haben. So konkret und fantasievoll war bislang noch kein Ratgeber, und das auf kurzweiligen 120 Seiten!

»Das Verhalten der Kinder hat nur einen Sinn: auszutesten, wann die Eltern endlich KONSTRUKTIV reagieren!« Richard Bromfield

Die Elternrechte:
Als gute Eltern verdienen Sie:
-Respekt und Autorität
-Anerkennung
-Zeit und Raum ganz für dich allein
-Verlass auf dein Kind, deinen Partner und dich selbst
-Verlass auf dein eigenes Urteilsvermögen
-Interessen verfolgen zu können, die nichts mit deinem Kind zu tun haben
-Berücksichtigung deiner Wünsche bei familiären Entscheidungen
-Vergebung, deine eigene und die deiner Kinder,
für gelegentliche schlechte Laune, Ungeduld und andere Ausfälle, die normalerweise nur den Kindern zugestanden werden.
</marc:subfield>
   </marc:datafield>
   <marc:datafield ind1=" " ind2=" " tag="020">
      <marc:subfield code="a">9783407859006</marc:subfield>
      <marc:subfield code="9">9783407859006</marc:subfield>
   </marc:datafield>
   <marc:datafield ind1=" " ind2=" " tag="041">
      <marc:subfield code="a">ger</marc:subfield>
   </marc:datafield>
   <marc:datafield ind1=" " ind2=" " tag="300">
      <marc:subfield code="a">117 S.</marc:subfield>
   </marc:datafield>
</marc:record>
